书目信息 |
| 题名: |
汉字信息教学与输入字典
|
|
| 作者: | 杨继本 主编 | |
| 分册: | ||
| 出版信息: | 北京 专利文献出版社 2005.3 |
|
| 页数: | 15,765页 | |
| 开本: | 22cm | |
| 丛书名: | ||
| 单 册: | ||
| 中图分类: | H163 | |
| 科图分类: | ||
| 主题词: | 汉字--han zi , 汉字--han zi--字典 | |
| 电子资源: | ||
| ISBN: | 7-80011-979-3 | |
| 000 | 01165nam0 2200313 450 | |
| 000 | 01194nam0 2200313 450 | |
| 000 | 01157nam0 2200301 450 | |
| 000 | 01140nam0 2200301 450 | |
| 000 | 01103nam0 2200289 450 | |
| 001 | CAL 012006062848 | |
| 005 | 20061026153903.70 | |
| 010 | @a7-80011-979-3@b精装@dCNY68.00 | |
| 099 | @aCAL 012006062848 | |
| 100 | @a20060830d2005 em y0chiy0120 ea | |
| 101 | 0 | @achi |
| 102 | @aCN@b110000 | |
| 105 | @ay e 000yy | |
| 200 | 1 | @a汉字信息教学与输入字典@Ahan zi xin xi jiao xue yu shu ru zi dian@d= A Chinese character information teaching and inputting dictionary@f杨继本主编@zeng |
| 210 | @a北京@c专利文献出版社@d2005.3 | |
| 215 | @a15,765页@d22cm | |
| 314 | @a杨继本, 湖南师范大学教授, 著名心理学家, 著有《汉字信息教学与输入字典》。 | |
| 330 | @a本书将心理学原理和汉字认知心理学的实验研究成果应用于编纂中, 具有高效率、高实用性和高速检索的效能。 | |
| 510 | 1 | @aA Chinese character information teaching and inputting dictionary@zeng |
| 606 | 0 | @a汉字@Ahan zi |
| 606 | 0 | @a汉字@Ahan zi@j字典 |
| 690 | @aH163@v4 | |
| 701 | 0 | @a杨继本@Ayang ji ben@4主编 |
| 801 | 0 | @aCN@c20061026 |
| 905 | @a10447@dH163@eY200 | |
| 汉字信息教学与输入字典= A Chinese character information teaching and inputting dictionary/杨继本主编.-北京:专利文献出版社,2005.3 |
| 15,765页;22cm |
| ISBN 7-80011-979-3(精装):CNY68.00 |
| 本书将心理学原理和汉字认知心理学的实验研究成果应用于编纂中, 具有高效率、高实用性和高速检索的效能。 |
| ● |
| 相关链接 |
|
|
|
正题名:汉字信息教学与输入字典
索取号:H163/Y200
 
预约/预借
| 序号 | 登录号 | 条形码 | 馆藏地/架位号 | 状态 | 备注 |
| 1 | 630148 | 206301483 | 语言库209/209语言库 76排4列6层/ [索取号:H163/Y200] | 在馆 | |
| 2 | 630149 | 206301492 | 语言库209/209语言库 76排4列6层/ [索取号:H163/Y200] | 在馆 |